Taller de arquitectura medieval: El Monasterio Cisterciense de Santa María de Bonaval

Kaydedildi:
Detaylı Bibliyografya
Asıl Yazarlar: Montalvá Conesa, José Luis (autor), Capuz Lládro, Rafael (Yazar)
Materyal Türü: Kitap
Dil:İspanyolca
Baskı/Yayın Bilgisi: Valencia Universidad Politécnica de Valencia 2007
Konular:
Etiketler: Etiketle
Etiket eklenmemiş, İlk siz ekleyin!

MARC

LEADER 00000nam a2200000 a 4500
001 UCI5205
003 CL-VaPUC
008 080314e20070000SP |||||||||||||||||spa|d
020 |a 9788483631836 
082 0 4 |a 723.1  |b MON  |2 21 
100 |a Montalvá Conesa, José Luis  |e autor  |9 527365 
700 0 |a Capuz Lládro, Rafael  |e author  |9 527366 
245 1 0 |a Taller de arquitectura medieval: El Monasterio Cisterciense de Santa María de Bonaval  
300 |a 163 p 
942 |c BK 
945 |d 20080314 00:00:00  |a jtorresc 
260 |a Valencia  |b Universidad Politécnica de Valencia  |c 2007 
600 0 7 |a MONASTERIO CISTERCIENCE DE SANTA MARIA DE BONAVAL  |2 CL-VaPUC  |9 527367 
650 0 |a Arquitectura medieval   |9 267661 
650 0 |a Arquitectura religiosa  |9 266677 
650 0 |a Edad media  |9 258041 
583 |a last modification  |c 20080314 00:00:00  |k Rodrigo Vera 
999 |c 328968  |d 328966 
952 |0 0  |1 0  |4 0  |6 723_100000000000000_MON_2007  |7 0  |8 A  |9 413190  |a BIBARQ  |b BIBARQ  |d 2019-11-22  |i 4414632  |o 723.1 MON 2007  |p 4414632  |r 2025-01-20  |w 2019-11-22  |y BK  |k ARQ